Historia de la economía / (Registro nro. 35283)
[ vista simple ]
| 000 -CABECERA | |
|---|---|
| campo de control de longitud fija | 00955nam a2200193 a 4500 |
| 001 - NÚMERO DE CONTROL | |
| campo de control | 000035792 |
| 005 - FECHA Y HORA DE LA ÚLTIMA TRANSACCIÓN | |
| campo de control | 20200930074620.0 |
| 008 - DATOS DE LONGITUD FIJA--INFORMACIÓN GENERAL | |
| campo de control de longitud fija | 111114s1926 es 000 0 spa d |
| 040 ## - FUENTE DE LA CATALOGACIÓN | |
| Centro catalogador/agencia de origen | DO-SdBNP |
| Lengua de catalogación | spa |
| Centro/agencia transcriptor | BNPHU |
| 049 ## - FONDOS LOCALES (OCLC) | |
| Fondos de biblioteca | BNPD |
| 100 1# - ENTRADA PRINCIPAL--NOMBRE DE PERSONA | |
| Nombre de persona | Neurath, Otto, |
| Fechas asociadas al nombre | 1882-1945. |
| 9 (RLIN) | 61741 |
| 245 10 - MENCIÓN DE TÍTULO | |
| Título | Historia de la economía / |
| Mención de responsabilidad, etc. | Otto Neurath, Heinrich Sieveking ; traducción dd la 2 edición alemana por Manuel Sánchez Sarto. |
| 260 ## - PUBLICACIÓN, DISTRIBUCIÓN, ETC. | |
| Lugar de publicación, distribución, etc. | Barcelona : |
| Nombre del editor, distribuidor, etc. | Labor, |
| Fecha de publicación, distribución, etc. | 1926. |
| 300 ## - DESCRIPCIÓN FÍSICA | |
| Extensión | v. ; |
| Dimensiones | 20 cm. |
| Otras características físicas | il., maps. ; |
| Dimensiones | 18 cm. |
| 590 ## - NOTA LOCAL (RLIN) | |
| Nota local | Perteneció a la biblioteca personal de Juan Isidro Jimenes Grullón. |
| 500 ## - NOTA GENERAL | |
| Nota general | La biblioteca posee el v. 1 |
| 505 0# - NOTA DE CONTENIDO CON FORMATO | |
| Información miscelánea | v. 1. |
| Título | Libro I: Historia de la economía en la antiguedad / |
| Mención de responsabilidad | por O. Neurath -- |
| Título | Libro II: Desde fines de la antigüedad hasta principios del siglo XIX / |
| Mención de responsabilidad | por H. Sieveking -- |
| Información miscelánea | v. 2. |
| Título | Desde el siglo XVII hasta la actualidad / |
| Mención de responsabilidad | por Heinrich Sieveking. |
| 700 12 - PUNTO DE ACCESO ADICIONAL--NOMBRE DE PERSONA | |
| Nombre de persona | Sieveking, Heinrich, |
| Fechas asociadas al nombre | 1871-1946. |
| 9 (RLIN) | 61742 |
| Estado de retiro | Estado de pérdida | Restricciones de uso | No para préstamo | Código de colección | Localización permanente | Ubicación/localización actual | Ubicación en estantería | Fecha de adquisición | Número de inventario | Total de préstamos | Signatura topográfica completa | Código de barras | Fecha visto por última vez | Precio válido a partir de | Tipo de ítem Koha | Nota pública |
|---|---|---|---|---|---|---|---|---|---|---|---|---|---|---|---|---|
| Excluido de préstamo | Monografías: Libros y Folletos | General | General | En catalogación | 14.11.2011 | LF1 | 35792-10 | 25.06.2020 | 25.06.2020 | No se presta | Perteneció a la biblioteca personal de Juan Isidro Jimenes Grullón. |
